Nazi empire : German colonialism and imperialism from Bismarck to Hitler
Αποθηκεύτηκε σε:
| Κύριος συγγραφέας: | |
|---|---|
| Μορφή: | Βιβλίο |
| Γλώσσα: | English |
| Δημοσίευση: |
Cambridge ; New York :
Cambridge University Press,
2011.
|
| Θέματα: | |
| Ετικέτες: |
Προσθήκη ετικέτας
Δεν υπάρχουν, Καταχωρήστε ετικέτα πρώτοι!
|
MARC
| LEADER | 00000cam a2200000 a 4500 | ||
|---|---|---|---|
| 001 | 1/106401 | ||
| 008 | 150519s2010####us | ||| |||| ||eng|| | ||
| 020 | |a 9780521674089 | ||
| 040 | |a GR-MyUa |b gre |c GR-MyUa |e AACR2 | ||
| 041 | 0 | |a eng | |
| 082 | 7 | |a 325.343 |2 (23) | |
| 100 | 1 | |a Baranowski, Shelley. | |
| 245 | 1 | 0 | |a Nazi empire : |b German colonialism and imperialism from Bismarck to Hitler / |c Shelley Baranowski. |
| 260 | |a Cambridge ; |a New York : |b Cambridge University Press, |c 2011. | ||
| 300 | |a xii, 368 σ. : |b εικ. ; |c 24 εκ. | ||
| 504 | |a Περιλαμβάνει ευρετήριο. | ||
| 505 | 8 | |a Introduction -- 1. From imperial consolidation of global ambitions: imperial Germany, 1871-1914 -- 2. From dominion to catastrophe: imperial Germany during World War I -- 3. From colonizer to 'colonized': the Weimar Republic, 1918-1933 -- 4. Empire begins at home: the Third Reich, 1933-1939 -- 5. The Nazi place in the sun: German occupied Europe, 1939-1941 -- 6. The final solution: total war and genocide, 1941-1945. | |
| 651 | 0 | |a Germany |x Colonies |x History. | |
| 651 | 0 | |a Germany |x Territorial expansion |x History. | |
| 852 | |a INST |b LESVOS |e 20150519 |h 325.343 BAR |p 005100056610 |q 005100056610 |t BK |y 0 | ||
| 970 | |a Τζαφέρη |b Ευαγγελία |z 19-05-2015 | ||